| 000 | 00568nam a22002177a 4500 | ||
|---|---|---|---|
| 003 | SEM | ||
| 999 |
_c72203 _d72203 |
||
| 005 | 20220608074946.0 | ||
| 008 | 220203s1971 uk ||||gr|||||00| 0 eng|d | ||
| 020 | _a0232512027 | ||
| 040 |
_aSEM _cSEM |
||
| 041 | _aeng | ||
| 080 | _a809.245/L-20 | ||
| 100 | _aLambdin Thomas O. | ||
| 245 |
_aIntroduction to biblical hebrew / _cT. O. Lambdin |
||
| 260 |
_aLondon : _bDarton, Longman and Todd, _c1971. |
||
| 300 |
_aXXVIII+345 p. ; _c22 cm |
||
| 504 | _aAppendix, Glossary p.: 285-345 | ||
| 650 | _aHebrew | ||
| 653 | _aՍԷՄ | ||
| 942 |
_2udc _cBK |
||